Statistics for Human biology groups by numbers

Click here to take the quiz!

General Stats

  • This quiz has been taken 167 times
  • The average score is 12 of 21

Answer Stats

HintAnswer% Correct
Tactioception
96%
Olfacoception
96%
The five traditional sensesOphthalmoception
94%
Gustaoception
92%
Molar
90%
Audioception
89%
Canine
80%
Ventricles
78%
The four types of teethIncisor
73%
The two types of heart chambersAtria
66%
The only artery that carries deoxygenated bloodPulmonary artery
57%
Premolar
54%
The six types of synovial jointsBall-and-socket
44%
Skeletal
42%
Smooth
41%
The three types of muscle tissueCardiac
40%
Hinge
38%
Pivot
11%
Saddle
9%
Condyloid
5%
Planar
1%

Score Distribution

Percentile by Number Answered

Percent of People with Each Score

Your Score History

You have not taken this quiz